Cultural citizenship in island Southeast Asia : nation and belonging in the hinterlands

Αποθηκεύτηκε σε:
Λεπτομέρειες βιβλιογραφικής εγγραφής
Άλλοι συγγραφείς: Rosaldo, Renato (Επιμελητής έκδοσης)
Μορφή: Βιβλίο
Γλώσσα:English
Δημοσίευση: Berkeley : University of California Press, c2003
Θέματα:
Ετικέτες: Προσθήκη ετικέτας
Δεν υπάρχουν, Καταχωρήστε ετικέτα πρώτοι!

MARC

LEADER 00000nam a2200000 i 4500
001 1/43373
008 140228s2003 eng d
020 |a 0-520-2274-477 (hbk.) 
035 |l 10116924 
040 |a GR-MY-UA  |b gre  |e aacr 
041 0 |a eng 
082 0 |a 305.800959  |2 (22) 
245 1 0 |a Cultural citizenship in island Southeast Asia :  |b nation and belonging in the hinterlands /  |c edited by Renato Rosaldo 
260 |a Berkeley :   |b University of California Press,   |c c2003 
300 |a ix, 228 σ.;  |c 24 εκ. 
500 |a "Collection grew out of a conference ... held at the East-West Center in Honolulu, Hawaii, May 2-4, 1993"--Ack. 
504 |a Περιλαμβάνει βιβλιογραφικές αναφορές και ευρετήριo 
650 0 0 |a Ethnology  |z Southeast Asia  |x Congress. 
650 0 0 |a Ethnicity  |z Southeast Asia  |x Congress. 
650 0 0 |a Nationalism  |z Southeast Asia  |x Congress. 
650 0 0 |a Indigenus peoples  |z Southeast Asia  |x Congress. 
651 0 |a Southeast Asia  |x Politics and government. 
700 1 |a Rosaldo, Renato.  |4 edt 
852 |a INST  |b LESVOS  |e 20140228  |h 305.800959 CUL  |p 005100053439  |q 005100053439  |t BK  |y 0 
901 |a BIBL1-2014-1 
909 |a Λ  |b 177636 
922 |a 1ΕΛΗ  |b 201210  |c ΤΜΗΜΑ ΚΟΙΝΩΝΙΚΗΣ ΑΝΘΡΩΠΟΛΟΓΙΑΣ ΚΑΙ ΙΣΤΟΡΙΑΣ  |d ΙΩΑΝΝΙΔΟΥ 
970 |a ΤΖΑΦΕΡΗ  |b ΕΥΑΓΓΕΛΙΑ  |z 2014/02/28